| 000 | 00711nac a22001931u 4500 | ||
|---|---|---|---|
| 020 | _a1859121179 (pbk.) | ||
| 082 | _a005.436 | ||
| 090 |
_c4455 _d4455 |
||
| 100 | _a20080729 | ||
| 245 |
_aSystems management : _c The Open Group. _b universal measurement architecture (UMA) / |
||
| 260 |
_aReading : _b The Open Group, 1997. _c1997 |
||
| 300 |
_a1 v. (various pagings) : _bill. ; _c28 cm. |
||
| 440 | _aCAE specification | ||
| 504 | _a Includes index. | ||
| 650 | _aDatabase management. | ||
| 710 | _aX/Open Company. | ||
| 942 |
_cBB _k005.436 |
||
| 999 |
_c4455 _d4455 |
||